| 000 | 00574nam a2200205 a 4500 | ||
|---|---|---|---|
| 005 | 20210219153535.0 | ||
| 008 | 991125n 000 0 u | ||
| 035 | _aUPN01000105547 | ||
| 100 | _aCASTILLO SUAREZ, Silvia | ||
| 222 | _aPEDAGOGIA CUBANA | ||
| 245 | _a¿Cómo el educador puede intervenir en los problemas familiares de sus alumnos? | ||
| 300 | _a21-26 | ||
| 362 | _a1990 Año 2, no. 5 (ene.-mar.) | ||
| 653 | 0 | _aEDUCACION SEXUAL | |
| 653 | 0 | _aFAMILIA | |
| 653 | 0 | _aMADRE | |
| 653 | 0 | _aRELACION PADRE-HIJO | |
| 904 |
_aAC _b043358 |
||
| 905 | _aArticulo | ||
| 999 |
_c79510 _d79510 |
||